| 000 | 00557nam a2200169 4500 | ||
|---|---|---|---|
| 008 | 0 1989 0a 000 0USA | ||
| 020 | _a0-07-056236-9 | ||
| 050 | _aQA76.9 S478 | ||
| 082 | _a001.61 S765a | ||
| 100 | _aSenn, James A. | ||
| 245 | _aAnalysis and Design of Information System / James A. Senn | ||
| 250 | _a2 | ||
| 260 | _aUnited States of America: McGraw-Hill | ||
| 300 | _axvii, 853 p. / 23 cm. | ||
| 500 | _aIncluye prefacio, index y references | ||
| 650 | _a1.SYSTEM DESIGN \ 2.SYSTEM ANALISIS \ 3. MANAGEMENT INFORMATION SYSTEMS | ||
| 999 |
_c11883 _d11883 |
||